Estadísticas para La Liga - Trofeo Zamora

Haz click aquí para tomar la prueba!

Estadísticas generales

  • Esta prueba ha sido tomada 201 veces
    (54 desde el último reinicio)
  • La puntuación promedio es 11 de 39

Estadísticas de respuestas

Jugador% Correcto
Jan Oblak
94%
Iker Casillas
92%
Thibaut Courtois
92%
Víctor Valdés
92%
Bono
84%
Claudio Bravo
76%
Santiago Cañizares
67%
Andoni Zubizarreta
61%
Paco Buyo
53%
José Manuel Pinto
35%
Luis Miguel Arconada
31%
José Francisco Molina
24%
Jacques Songo'o
22%
Roberto Abbondanzieri
22%
Abel Resino
16%
Antoni Ramallets
16%
Toni Jiménez
16%
Francisco Liaño
14%
Pablo Cavallero
14%
José Ángel Iribar
12%
Miguel Reina
12%
Carlos Roa
10%
Juan Carlos Ablanedo
10%
Pedro Jaro
10%
Abelardo González
8%
Agustín Rodríguez
8%
Antonio Betancort
8%
José Vicente Train
8%
Miguel Ángel González
8%
Pedro María Artola
8%
Urruti
8%
Andrés Junquera
6%
José Araquistáin
6%
José Luis Fernández Manzanedo
6%
José Manuel Ochotorena
6%
José Manuel Pesudo
6%
Juan Antonio Deusto
6%
Martín Herrera
6%
Salvador Sadurní
6%

Distribución de puntuación

Porcentaje por número respondido

Porcentaje de gente con cada puntuación

Historial de tus puntuaciones

No has tomado esta prueba desde el último reinicio